000 00410nam a22001577a 4500
005 20230412081915.0
008 221013b |||||||| |||| 00| 0 eng d
020 _a978-93-5115-767-0
082 _a639.3 Aq656 2016
245 _aAquaculture:
_bintermediate
260 _aUAE:
_b3G Elearning,
_c2016
300 _av, 314p.:
_bcol. ill.; with CD
500 _aIncludes index
541 _e5210
650 _aAquaculture
999 _c11
_d11